000
00324nam a2200133 a 4500
005
20140414093834.0
008
030611s19uu xx 00 eng d
050
_a
CDR 912
_b
LET n.d.
245
_a
Let's learn about Maps & globes :
_b
ages 8-15.
650
_a
Maps.
650
_a
Globes.
942
_c
AVM
999
_c
108904
_d
108904